<?xml version="1.0" encoding="UTF-8"?>
<record
    xmlns:xsi="http://www.w3.org/2001/XMLSchema-instance"
    xsi:schemaLocation="http://www.loc.gov/MARC21/slim http://www.loc.gov/standards/marcxml/schema/MARC21slim.xsd"
    xmlns="http://www.loc.gov/MARC21/slim">

  <leader>00732nam a22001577a 4500</leader>
  <controlfield tag="003">OSt</controlfield>
  <controlfield tag="005">20150916164408.0</controlfield>
  <controlfield tag="008">150916b        xxu||||| |||| 00| 0 eng d</controlfield>
  <datafield tag="040" ind1=" " ind2=" ">
    <subfield code="c">RUA</subfield>
  </datafield>
  <datafield tag="082" ind1=" " ind2=" ">
    <subfield code="a">AGR BOU 2004 B029 Or.1</subfield>
  </datafield>
  <datafield tag="100" ind1=" " ind2=" ">
    <subfield code="9">616</subfield>
    <subfield code="a">BOUN SOPHEAKNA</subfield>
  </datafield>
  <datafield tag="245" ind1=" " ind2=" ">
    <subfield code="a">potential and constraints in establishing organic rice producer group in tramkak district,Takeo province,(&#x179F;&#x1780;&#x17D2;&#x178A;&#x17B6;&#x1793;&#x17BB;&#x1796;&#x179B; &#x1793;&#x17B7;&#x1784;&#x1780;&#x178F;&#x17D2;&#x178F;&#x17B6;&#x179A;&#x17B6;&#x179A;&#x17C6;&#x17B6;&#x1784;&#x1780;&#x17D2;&#x1793;&#x17BB;&#x1784;&#x1780;&#x17B6;&#x179A;&#x1785;&#x1784;&#x1780;&#x17D2;&#x179A;&#x1784;&#x1787;&#x17B6;&#x1780;&#x17D2;&#x179A;&#x17BB;&#x1798;&#x1795;&#x179B;&#x17B7;&#x178F;&#x1795;&#x179B;&#x17A2;&#x1784;&#x17D2;&#x1780;&#x179A;&#x179F;&#x179A;&#x17B8;&#x179A;&#x17B6;&#x1784;&#x17D2;&#x1782; &#x1793;&#x17C5;&#x179F;&#x17D2;&#x179A;&#x17BB;&#x1780;&#x178F;&#x17D2;&#x179A;&#x17B6;&#x17C6;&#x1780;&#x1780;&#x17CB; &#x1781;&#x17C1;&#x178F;&#x17D2;&#x178F;&#x178F;&#x17B6;&#x1780;&#x17C2;&#x179C;)</subfield>
  </datafield>
  <datafield tag="260" ind1=" " ind2=" ">
    <subfield code="a">phnom penh </subfield>
    <subfield code="b">RUA</subfield>
    <subfield code="c">2004</subfield>
  </datafield>
  <datafield tag="300" ind1=" " ind2=" ">
    <subfield code="a">57p.</subfield>
    <subfield code="c">ill.</subfield>
    <subfield code="g">29cm</subfield>
  </datafield>
  <datafield tag="942" ind1=" " ind2=" ">
    <subfield code="2">ddc</subfield>
    <subfield code="c">AGR</subfield>
  </datafield>
  <datafield tag="999" ind1=" " ind2=" ">
    <subfield code="c">591</subfield>
    <subfield code="d">591</subfield>
  </datafield>
  <datafield tag="952" ind1=" " ind2=" ">
    <subfield code="0">0</subfield>
    <subfield code="1">0</subfield>
    <subfield code="2">ddc</subfield>
    <subfield code="4">0</subfield>
    <subfield code="6">AGR_BOU_2004_000000000000000_B029_OR_1</subfield>
    <subfield code="7">0</subfield>
    <subfield code="9">2698</subfield>
    <subfield code="a">LBB</subfield>
    <subfield code="b">LBB</subfield>
    <subfield code="d">2015-09-16</subfield>
    <subfield code="o">AGR BOU 2004 B029 Or.1</subfield>
    <subfield code="r">2015-09-16</subfield>
    <subfield code="w">2015-09-16</subfield>
    <subfield code="y">AGR</subfield>
  </datafield>
  <datafield tag="952" ind1=" " ind2=" ">
    <subfield code="0">0</subfield>
    <subfield code="1">0</subfield>
    <subfield code="2">ddc</subfield>
    <subfield code="4">0</subfield>
    <subfield code="6">AGR_BOU_2004_000000000000000_B1_194_OR_1</subfield>
    <subfield code="7">0</subfield>
    <subfield code="9">76397</subfield>
    <subfield code="a">LBB</subfield>
    <subfield code="b">LBB</subfield>
    <subfield code="c">B1.194</subfield>
    <subfield code="d">2018-12-21</subfield>
    <subfield code="l">1</subfield>
    <subfield code="o">AGR BOU 2004 B1.194 Or.1</subfield>
    <subfield code="p">A41724</subfield>
    <subfield code="r">2019-07-22</subfield>
    <subfield code="s">2019-07-08</subfield>
    <subfield code="w">2018-12-21</subfield>
    <subfield code="y">AGR</subfield>
  </datafield>
</record>
